| 000 | 00662nam a2200253Ia 4500 | ||
|---|---|---|---|
| 001 | AUWbook002420 | ||
| 003 | BDCtgAUW | ||
| 005 | 20260406155204.0 | ||
| 008 | 220908s9999 xx 000 0 eng d | ||
| 040 |
_aBDCtgAUW _cBDCtgAUW |
||
| 100 | 1 | _aDeakin, Edwin. | |
| 245 | 0 | _aA gallery of california mission paintings. | |
| 260 |
_aLos Angeles : _bW. Ritchie Press, _c1966. |
||
| 300 | _a59 pages. | ||
| 650 | 0 | _aMissions. | |
| 650 | 0 | _aSpanish mission buildings in art. | |
| 650 | 0 | _aSpanish mission buildings. | |
| 651 | 0 |
_aUnited States _xHistory. _978979 |
|
| 887 |
_a BRAC _22982 |
||
| 888 | _22982 | ||
| 942 | _cBK | ||
| 945 | _cBK | ||
| 999 |
_c17986 _d17986 |
||